1988 linear products databook /

Saved in:
Bibliographic Details
Corporate Author: Analog Devices, Inc
Format: Book
Language:English
Published: Norwood, MA : Analog Devices, 1988.
Subjects:
LEADER 00996nam a2200265 a 4500
001 c000098321
003 CARM
005 00000000000000.0
008 880725s1988 mau 00000 eng d
019 1 |a 5910895  |5 LACONCORD2021 
035 |a (OCoLC)85908284  |5 LACONCORD2021 
040 |a NU  |c NU 
110 2 0 |a Analog Devices, Inc. 
245 1 0 |a 1988 linear products databook /  |c Analog Devices. 
260 |a Norwood, MA :  |b Analog Devices,  |c 1988. 
300 |a 1 v. (various pagings) 
500 |a Cover title: Linear products databook. 
500 |a Spine title: Linear products databook 1988. 
650 0 |a Signal processing  |x Equipment and supplies. 
740 0 1 |a Linear products databook. 
740 0 1 |a Linear products databook 1988. 
852 8 |b CARM  |h A2:AJ01E0  |i C02992  |p 0108772  |f BK 
082 0 |a 621.381 
999 f f |i c83fbfdd-55c8-5196-a5d0-b53978dadd8d  |s 23166bd0-3891-5d31-a281-102c0d3c4197 
952 f f |p Can circulate  |a CAVAL  |b CAVAL  |c CAVAL  |d CARM 1 Store  |e C02992  |f A2:AJ01E0  |h Other scheme  |i book  |m 0108772